| 000 | 00839nam a2200241 i 4500 | ||
|---|---|---|---|
| 001 | 184519 | ||
| 003 | ES-MaACL | ||
| 005 | 20250827043444.0 | ||
| 008 | 151005s2014 sp |||| | spa d | ||
| 020 | _a978-84-940425-8-4 | ||
| 080 | _a821.134.2-193.2"19" | ||
| 100 | 1 |
_aRuiz de Torres, Juan, _d1931-2014 _9155342 |
|
| 245 | 1 | 0 |
_aEpigramas y casigramas _b: dísticos, aforismos, peripoemas, apócrifos, hexámetros. |
| 250 | _a1ª ed. | ||
| 260 |
_aMadrid : _bHuerga y Fierro, _c2014. |
||
| 300 |
_a89 p. ; _c24 x 11 cm. |
||
| 500 | _aÍndice. | ||
| 650 | 4 |
_aEpigramas españoles. _9143603 |
|
| 852 |
_aES-MaACL _jA-13571 _9191518 _bR.150465 _cDEPO1 _dOlim: N-6571 _hDonación: Asociación Prometeo poesía |
||
| 914 |
_aAsociación Prometeo de Poesía _ednr _91787 |
||
| 942 |
_2udc _cMONOGRAFIA |
||
| 999 |
_c184519 _d184519 |
||